| 000 | 00858nam a22002297a 4500 | ||
|---|---|---|---|
| 005 | 20210325180419.0 | ||
| 008 | s2542 th tha d | ||
| 020 | _a9748669165 | ||
| 041 | _atha | ||
| 050 | _aPE1128 ว836ส 2542 | ||
| 100 | 0 | _aวีรวุธ มาฆะศิรานนท์ | |
| 245 | 1 | 0 | _aสุดยอดวิธีอ่านตำรา [2nd] |
| 246 | _aText book speed reading | ||
| 260 | 3 |
_aกรุงเทพฯ : _bเอ็กซเปอร์เน็ทบุ๊คส์, _c2542 |
|
| 300 |
_a121 หน้า : _b ภาพประกอบ, แผนภูมิ, ตาราง ; _c 21 ซม. |
||
| 650 | 0 | 4 | _aการอ่าน |
| 650 | 0 | 4 | _aภาษาอังกฤษ -- การอ่าน |
| 850 | _aNALT | ||
| 942 | _cGB | ||
| 997 | _c000000000009237 | ||
| 998 | _aAREERAT | ||
| 999 |
_c9237 _d9237 |
||